Normal view
MARC view
- INFRARED EQUIPMENT DESIGN AND CONSTRUCTION.INFRARED SYSTEM DESIGN
Entry Topical Term
001 - CONTROL NUMBER
- control field: 73667
003 - CONTROL NUMBER IDENTIFIER
- control field: NUST
005 - DATE AND TIME OF LATEST TRANSACTION
- control field: 20210628205044.0
008 - FIXED-LENGTH DATA ELEMENTS
- fixed length control field: 210628|| aca||aabn | a|a d
040 ## - CATALOGING SOURCE
- Original cataloging agency: NUST
- Transcribing agency: NUST
150 ## - HEADING--TOPICAL TERM
- Topical term or geographic name entry element: INFRARED EQUIPMENT DESIGN AND CONSTRUCTION.INFRARED SYSTEM DESIGN
670 ## - SOURCE DATA FOUND
- Source citation: Work cat.: (NUST): Wolfe, William L 73666, Introduction to infrared system design, 1996
